| 000 | 00699nam a22002057a 4500 | ||
|---|---|---|---|
| 005 | 20251108165443.0 | ||
| 008 | 250721s1998 xx 000 0 ara d | ||
| 082 | 1 | 4 | _aم/216.1/قدا |
| 100 | 1 |
_aإبن قدامة، موفق الدين _eمؤلف |
|
| 245 | 1 | 0 | _aمختصر منهاج القاصدين / |
| 264 | 1 |
_aبيروت : _bدار الخير-دمشق، _c1998. |
|
| 300 | _a448ص0 | ||
| 650 | 1 | 7 | _aالفقه الإسلامي |
| 650 | 1 | 7 | _aالسنة النبوية |
| 700 | 1 |
_aالزحيلي، وهبة _eمحقق |
|
| 700 | 1 |
_aسليمان، محمد وهبي _eمحقق |
|
| 700 | 1 |
_aأبو الخير، علي عبد الحميد _eمحقق |
|
| 942 |
_2ddc _cREF |
||
| 999 |
_c28324 _d28324 |
||